| Tag |
First Indicator |
Second Indicator |
Subfields |
| LEADER |
00000cam a2200000 a 4500 |
| 001 |
in00001322721 |
| 005 |
20200725064532.0 |
| 008 |
951010r19961975okua b s001 0ceng |
| 010 |
|
|
|a 95042374
|
| 020 |
|
|
|a 0806128356 (alk. paper)
|
| 035 |
|
|
|a (OCoLC)33359479
|
| 035 |
|
|
|9 AHD6543AM
|
| 040 |
|
|
|a DLC
|c DLC
|d UtOrBLW
|
| 043 |
|
|
|a n-usp--
|
| 049 |
|
|
|a TXAM
|
| 050 |
0 |
0 |
|a PN1995.9.W4
|b C35 1996
|
| 082 |
0 |
0 |
|a 791.43/6278
|2 20
|
| 100 |
1 |
|
|a Cary, Diana Serra,
|d 1918-2020.
|
| 245 |
1 |
4 |
|a The Hollywood posse :
|b the story of a gallant band of horsemen who made movie history /
|c Diana Serra Cary.
|
| 264 |
|
1 |
|a Norman :
|b University of Oklahoma Press,
|c 1996.
|
| 300 |
|
|
|a xx, 276 pages :
|b illustrations ;
|c 23 cm.
|
| 336 |
|
|
|a text
|b txt
|2 rdacontent
|
| 337 |
|
|
|a unmediated
|b n
|2 rdamedia
|
| 338 |
|
|
|a volume
|b nc
|2 rdacarrier
|
| 500 |
|
|
|a Originally published: Boston : Houghton Mifflin, c1975. With new preface.
|
| 504 |
|
|
|a Includes bibliographical references and index.
|
| 650 |
|
0 |
|a Western films
|x History and criticism.
|
| 650 |
|
0 |
|a Cowboys
|z West (U.S.)
|v Biography.
|
| 999 |
|
|
|a MARS
|
| 999 |
f |
f |
|s aea9a874-4c62-39c9-a9ba-522107df30b6
|i 8e44eec5-456a-37ce-9e52-c80cbce9c171
|t 0
|
| 952 |
f |
f |
|p normal
|a Texas A&M University
|b College Station
|c Sterling C. Evans Library
|d Evans: Library Stacks
|t 0
|e PN1995.9.W4 C35 1996
|h Library of Congress classification
|i unmediated -- volume
|m A14820597545
|
| 998 |
f |
f |
|a PN1995.9.W4 C35 1996
|t 0
|l Evans: Library Stacks
|